000 00563cam a2200229 4500
008 090401t1992 xxu||||| |||| 00| 0 eng d
020 _a0582091012
035 _a(Sirsi) u15819
041 _aeng
050 _a693.2
100 _aOrton, Andrew
245 _aStructural design of masonry.
250 _a2nd ed.
260 _aLondon
_bLongman
_c1992
300 _ax,159p. : ill. ; 30cm.
350 _a0
650 _aSTRUCTURAL DESIGN
650 _aSTRUCTURES
690 _aBUILT ENVIRONMENT-CONSTRUCTION DESIGN
942 _n0
948 _c04/03/1997
999 _c87314
_d87314